Canadian Perspectives on Animals and the Law

Bibliographic Details
Main Author: Sankoff, Peter
Other Authors: Black, Vaughan, Sykes, Katie
Format: eBook
Language:English
Published: Toronto: Irwin Law Inc., 2015
Subjects:
Online Access:Acceso restringido

MARC

LEADER 00000nam a22000007a 4500
005 20210805114314.0
007 cr|||| ||||
008 210805s2015 ca |||||s|||| 00||0 eng d
020 |a 9781552213834 
035 |a 34929 
040 |a vLex 
090 |c 11918  |d 11918 
100 1 |a Sankoff, Peter 
245 1 0 |a Canadian Perspectives on Animals and the Law  |h [Recurso electrn̤ico] /  |c Peter Sankoff, Vaughan Black, Katie Sykes 
256 |a Servicio en ln̕ea 
260 |a Toronto:  |b Irwin Law Inc.,  |c 2015 
300 |a 1 recurso electrn̤ico 
500 |a Canadian Perspectives on Animals and the Law provides an important new contribution to the debate on the legal status and treatment of animals in Canada. Twelve chapters by leading academics and practising lawyers address a range of doctrinal and conceptual questions, situating legal analysis in the broader context of ethical and philosophical debate about justice in human-animal relationships. Topics addressed include the Ikea monkey case, key shortcomings in Canada's animal cruelty law, the relationship between animal rights and the rights of Canada's indigenous peoples, and the emergence of animal protection in international law. This volume should be invaluable for scholars, practitioners and students eager to explore these matters in greater depth, and an excellent resource for law school courses on animals and the law. 
506 1 |a Disponible solo en los productos indicados  |d vLex Global  |d vLex Global (Academic Edition, excluding Law Schools)  |d vLex Global (U.S. Academic Edition, Law Schools)  |d vLex Global (U.S. Academic Edition, excluding Law Schools)  |d vLex Global (Academic Edition, Law Schools) 
650 0 4 |a Proteccin̤ de los animales  |z Canad̀ 
700 1 |a Black, Vaughan 
700 1 |a Sykes, Katie 
740 0 |a vLex Libros (Servicio en ln̕ea) 
856 4 0 |u https://app.vlex.com/#/sources/34929  |z Acceso restringido 
942 |c BOOK 
999 0 |a Animal protection